[Event "MCR_CF283"]
[Site "?"]
[Date "2004.??.??"]
[Round "?"]
[White "Jarabinsky, Martin"]
[Black "Bernard, Roman"]
[Result "0-1"]
[WhiteElo "2127"]
[BlackElo "2000"]
[PlyCount "109"]
[EventDate "2004.??.??"]
[EventType "corr"]
[EventRounds "2"]
[SourceDate "2005.03.12"]

1. e4 e5 2. Nf3 Nc6 3. Bc4 Bc5 4. O-O Nf6 5. d3 O-O 6. c3 d6 7. Nbd2 Bb6 8. Bb3
Bg4 9. h3 Be6 10. Nc4 Qe8 11. Bg5 Nd7 12. Re1 h6 13. Bh4 a5 14. d4 a4 15. Nxb6
Nxb6 16. Bc2 Bd7 17. b4 f6 18. a3 Ne7 19. Bd3 Bb5 20. Qe2 Bxd3 21. Qxd3 Qf7 22.
d5 Ng6 23. Bg3 f5 24. c4 fxe4 25. Rxe4 Nd7 26. Rg4 Ne7 27. Bh4 Nf5 28. Rd1 Rac8
29. Kh2 Rfe8 30. Rd2 Kh8 31. Kh1 Rf8 32. Qc2 g5 33. Bxg5 hxg5 34. Re2 c6 35.
Nxg5 Qh5 36. dxc6 Rxc6 37. Qe4 Rcc8 38. c5 d5 39. Qxd5 Nf6 40. Qxe5 Rce8 41.
Qxf5 Rxe2 42. Rf4 Re1+ 43. Kh2 Re7 44. g3 Qe8 45. Rh4+ Kg8 46. Nf3 Qd7 47. Qf4
Qd5 48. Kg2 Re4 49. Qh6 Rxh4 50. Qxh4 Nh5 51. Qg5+ Qxg5 52. Nxg5 Rd8 53. Ne4
Rd3 54. b5 Rxa3 55. c6 0-1

[Event "MCR_CF283"]
[Site "?"]
[Date "2004.??.??"]
[Round "?"]
[White "Jarabinsky, Martin"]
[Black "Chvojka, Jaroslav"]
[Result "0-1"]
[WhiteElo "2127"]
[BlackElo "2131"]
[PlyCount "82"]
[EventDate "2004.??.??"]
[EventType "corr"]
[EventRounds "2"]
[SourceDate "2005.03.12"]

1. d4 Nf6 2. Bg5 c5 3. Bxf6 exf6 4. Nc3 d5 5. Nf3 Nc6 6. e3 Be6 7. Qd2 cxd4 8.
Nxd4 Rc8 9. Bb5 Bc5 10. h4 O-O 11. Bxc6 bxc6 12. O-O-O Qc7 13. h5 Rb8 14. h6 g6
15. Nb3 Be7 16. e4 a5 17. Qe3 Bd6 18. Kb1 Be5 19. Na4 dxe4 20. Nac5 Qa7 21.
Nxe4 Qxe3 22. fxe3 Bd5 23. Nec5 Bxg2 24. Rhe1 Bh3 25. Rg1 Rfe8 26. c3 Ra8 27.
Rd3 a4 28. Nd2 Ra5 29. Nd7 Bf5 30. e4 Bxd7 31. Rxd7 Bf4 32. Rf1 Bxh6 33. Rxf6
Bxd2 34. Rxd2 Rxe4 35. Rxc6 h5 36. Rf6 Kg7 37. Rff2 f5 38. Rd7+ Kf6 39. Rd6+
Re6 40. Rxe6+ Kxe6 41. Rg2 Kf6 0-1

[Event "MCR_CF283"]
[Site "?"]
[Date "2004.??.??"]
[Round "?"]
[White "Jarabinsky, Martin"]
[Black "Houdek, Vladimir"]
[Result "1-0"]
[WhiteElo "2127"]
[BlackElo "2184"]
[PlyCount "44"]
[EventDate "2004.??.??"]
[EventType "corr"]
[EventRounds "2"]
[SourceDate "2005.03.12"]

1. d4 d5 2. Nf3 Nf6 3. g3 c6 4. c4 dxc4 5. Bg2 g6 6. O-O Bg7 7. a4 O-O 8. Na3
Na6 9. Nxc4 Be6 10. b3 Nb4 11. Ng5 Bd7 12. a5 h6 13. Bd2 Nbd5 14. Nf3 Qc8 15.
Qc1 Kh7 16. Re1 Ne4 17. Nfe5 Nxd2 18. Qxd2 Bh3 19. e4 Nc7 20. Rad1 Nb5 21. Qe3
Bxg2 22. f4 Bh3 1-0

[Event "MCR_CF283"]
[Site "?"]
[Date "2004.??.??"]
[Round "?"]
[White "Jarabinsky, Martin"]
[Black "Pecina, Pavel"]
[Result "0-1"]
[WhiteElo "2127"]
[BlackElo "2204"]
[PlyCount "80"]
[EventDate "2004.??.??"]
[EventType "corr"]
[EventRounds "2"]
[SourceDate "2005.03.12"]

1. d4 Nf6 2. Bg5 d5 3. Nf3 g6 4. e3 Bg7 5. Nbd2 O-O 6. c3 Nbd7 7. b4 a5 8. b5
Re8 9. Be2 e5 10. dxe5 Nxe5 11. Nxe5 Rxe5 12. Bf4 Re8 13. O-O c5 14. bxc6 bxc6
15. Qa4 Ba6 16. Bxa6 Rxa6 17. Rab1 Ne4 18. Rb8 Qxb8 19. Bxb8 Nxd2 20. Rd1 Ne4
21. Qb3 Nxc3 22. Rf1 c5 23. Bc7 a4 24. Qb7 Raa8 25. Qb2 a3 26. Qd2 Ra4 27. Bd6
Ra5 28. Kh1 Rb5 29. f3 Re6 30. Bg3 Rb2 31. Qc1 Rxa2 32. Be1 d4 33. Bxc3 dxc3
34. h3 c2 35. Qd2 Rb2 36. Kh2 a2 37. Qd3 Be5+ 38. f4 Rd6 39. Qc4 Bf6 40. e4 Rd1
0-1

[Event "MCR_CF283"]
[Site "?"]
[Date "2004.??.??"]
[Round "?"]
[White "Mazal, Petr"]
[Black "Bernard, Roman"]
[Result "1/2-1/2"]
[WhiteElo "2165"]
[BlackElo "2000"]
[PlyCount "86"]
[EventDate "2004.??.??"]
[EventType "corr"]
[EventRounds "2"]
[SourceDate "2005.03.12"]

1. e4 e5 2. Nf3 Nc6 3. Bc4 Nf6 4. d4 exd4 5. O-O Nxe4 6. Re1 d5 7. Bxd5 Qxd5 8.
Nc3 Qa5 9. Nxe4 Be6 10. Neg5 O-O-O 11. Nxe6 fxe6 12. Rxe6 Bd6 13. Qe2 Qh5 14.
h3 Rhe8 15. Bd2 Ne5 16. Rxe8 Rxe8 17. Nxd4 Qxe2 18. Nxe2 Nc4 19. Be3 Nxb2 20.
Nc3 Nc4 21. Nb5 Nxe3 22. Nxd6+ cxd6 23. Re1 Kd7 24. fxe3 b5 25. Rb1 a6 26. Kf2
Re4 27. Ke2 Ra4 28. Rb2 h5 29. Kf3 Ke6 30. Ke2 g5 31. Kd3 h4 32. c3 d5 33. Rf2
Ke5 34. Rc2 Ra3 35. Rb2 Kd6 36. Kd4 Ra4+ 37. Kd3 Kc5 38. Re2 Ra3 39. Rb2 a5 40.
Rc2 Ra4 41. Rd2 g4 42. Rb2 g3 43. Rd2 Ra3 1/2-1/2

[Event "MCR_CF283"]
[Site "?"]
[Date "2004.??.??"]
[Round "?"]
[White "Mazal, Petr"]
[Black "Chvojka, Jaroslav"]
[Result "0-1"]
[WhiteElo "2165"]
[BlackElo "2131"]
[PlyCount "72"]
[EventDate "2004.??.??"]
[EventType "corr"]
[EventRounds "2"]
[SourceDate "2005.03.12"]

1. Nf3 d5 2. d4 Bf5 3. e3 Nf6 4. Bd3 Bg6 5. Bxg6 hxg6 6. O-O e6 7. Qe2 c6 8.
Nc3 Bb4 9. Bd2 Nbd7 10. Rfd1 Bxc3 11. Bxc3 Ne4 12. Bb4 g5 13. Nd2 Nxd2 14. Bxd2
Qc7 15. g3 Nf6 16. Rac1 O-O-O 17. f3 g4 18. f4 Rh3 19. c4 Rdh8 20. cxd5 exd5
21. Bb4 Rxh2 22. Qxh2 Rxh2 23. Kxh2 Qb6 24. Ba3 Qd8 25. Rd2 g5 26. Kg1 Ne4 27.
Rg2 gxf4 28. exf4 Qa5 29. Kh2 Qa4 30. Bc5 Qxa2 31. Re1 Qb3 32. Bxa7 b6 33. Ra1
Kb7 34. Kh1 Nxg3+ 35. Kh2 f5 36. Bxb6 Kxb6 0-1

[Event "MCR_CF283"]
[Site "?"]
[Date "2004.??.??"]
[Round "?"]
[White "Mazal, Petr"]
[Black "Houdek, Vladimir"]
[Result "1/2-1/2"]
[WhiteElo "2165"]
[BlackElo "2184"]
[PlyCount "94"]
[EventDate "2004.??.??"]
[EventType "corr"]
[EventRounds "2"]
[SourceDate "2005.03.12"]

1. d4 d5 2. c4 dxc4 3. Nf3 Nf6 4. e3 e6 5. Bxc4 c5 6. O-O a6 7. b3 Nbd7 8. a4
Be7 9. Bb2 O-O 10. dxc5 Nxc5 11. Qc2 Bd7 12. Ng5 Re8 13. Rd1 h6 14. Nf3 Rc8 15.
Ne5 Qc7 16. Nd2 b5 17. Be2 bxa4 18. Nxd7 Qxd7 19. bxa4 Red8 20. Nc4 Qc7 21.
Rxd8+ Rxd8 22. a5 Ncd7 23. Rc1 Rc8 24. f3 Nd5 25. Bd3 Bc5 26. Kh1 N7f6 27. Qe2
Rd8 28. Rd1 Qe7 29. Bb1 Nb4 30. Qe1 Nc6 31. Bd3 Bb4 32. Qe2 Qc5 33. f4 Kh8 34.
Bxf6 gxf6 35. Nb2 Qxa5 36. Bxa6 Rd2 37. Rxd2 Bxd2 38. Nd1 Qb4 39. Bd3 Ne7 40.
Qh5 Kg7 41. Qg4+ Kf8 42. Qe2 Bc1 43. g3 Qc5 44. e4 Nc6 45. Bc4 Ba3 46. Kg2 Bb4
47. Bd3 Nd4 1/2-1/2

[Event "MCR_CF283"]
[Site "?"]
[Date "2004.??.??"]
[Round "?"]
[White "Mazal, Petr"]
[Black "Pecina, Pavel"]
[Result "0-1"]
[WhiteElo "2165"]
[BlackElo "2204"]
[PlyCount "98"]
[EventDate "2004.??.??"]
[EventType "corr"]
[EventRounds "2"]
[SourceDate "2005.03.12"]

1. c4 e5 2. Nc3 Nf6 3. Nf3 Nc6 4. d4 e4 5. Ng5 h6 6. Ngxe4 Nxe4 7. Nxe4 Qh4 8.
Nc3 Qxd4 9. e3 Qxd1+ 10. Kxd1 d6 11. Nd5 Kd8 12. Bd2 Ne5 13. f4 Nd7 14. Be2 c6
15. Nc3 Be7 16. e4 Re8 17. Kc2 Bf6 18. Bf3 Kc7 19. Rad1 Nc5 20. Rhe1 a5 21. Be3
b6 22. Bxc5 bxc5 23. e5 dxe5 24. Nb5+ cxb5 25. Bxa8 bxc4 26. Bd5 Bf5+ 27. Be4
Bd7 28. Rd5 exf4 29. Rxd7+ Kxd7 30. Bc6+ Kxc6 31. Rxe8 Bd4 32. Rf8 f6 33. h4 g5
34. Rh8 Kd5 35. Rxh6 g4 36. Rg6 f5 37. Rb6 Ke5 38. Kd2 f3 39. gxf3 g3 40. Rg6
Kf4 41. Ke2 Bxb2 42. h5 Bd4 43. h6 c3 44. h7 c2 45. Kd2 Kxf3 46. Rg5 g2 47.
Kxc2 f4 48. Kd3 Kf2 49. Ke4 f3 0-1

[Event "MCR_CF283"]
[Site "?"]
[Date "2004.??.??"]
[Round "?"]
[White "Pecina, Pavel"]
[Black "Bernard, Roman"]
[Result "1/2-1/2"]
[WhiteElo "2204"]
[BlackElo "2000"]
[PlyCount "95"]
[EventDate "2004.??.??"]
[EventType "corr"]
[EventRounds "2"]
[SourceDate "2005.03.12"]

1. e4 e5 2. Nf3 Nc6 3. Bc4 Nf6 4. Ng5 d5 5. exd5 Na5 6. Bb5+ Bd7 7. Qe2 Be7 8.
Nc3 Bxb5 9. Qxb5+ c6 10. dxc6 Nxc6 11. d3 a6 12. Qb3 O-O 13. Be3 Nd4 14. Bxd4
exd4 15. Nce4 Qa5+ 16. c3 dxc3 17. bxc3 Nd5 18. Nf3 f5 19. O-O Qb5 20. Neg5 Bf6
21. d4 Rfc8 22. Rfc1 Qxb3 23. axb3 Rxc3 24. Rxc3 Nxc3 25. Kf1 a5 26. Rc1 Ne4
27. Nxe4 fxe4 28. Ne5 b5 29. Ke2 a4 30. bxa4 bxa4 31. f4 exf3+ 32. Nxf3 Kf7 33.
Kd3 a3 34. Ra1 Ke6 35. Kc4 Be7 36. Re1+ Kd6 37. Ne5 h5 38. Nf7+ Kd7 39. Ne5+
Kc7 40. Ra1 Bd6 41. Nf3 Rb8 42. Ng5 Kc6 43. Ne4 Ra8 44. h3 h4 45. Ra2 Be7 46.
Nc3 Rb8 47. d5+ Kd7 48. Nb5 1/2-1/2

[Event "MCR_CF283"]
[Site "?"]
[Date "2004.??.??"]
[Round "?"]
[White "Pecina, Pavel"]
[Black "Cerveny, Libor"]
[Result "1-0"]
[WhiteElo "2204"]
[BlackElo "2094"]
[PlyCount "55"]
[EventDate "2004.??.??"]
[EventType "corr"]
[EventRounds "2"]
[SourceDate "2005.03.12"]

1. e4 e6 2. d4 d5 3. Nd2 c5 4. exd5 Qxd5 5. Ngf3 Nf6 6. Bc4 Qc6 7. O-O Nbd7 8.
Qe2 a6 9. Ne5 Nxe5 10. dxe5 Nd5 11. Ne4 b5 12. Bxd5 Qxd5 13. Rd1 Qxe5 14. Qf3
Ra7 15. Bf4 Qf5 16. Nd6+ Bxd6 17. Qc6+ Ke7 18. Bxd6+ Kf6 19. Rd3 Kg6 20. g4 Qg5
21. f4 Qh4 22. Bxc5 Rd7 23. f5+ Kh6 24. Rg3 Rhd8 25. g5+ Qxg5 26. Rxg5 Bb7 27.
Qb6 Kxg5 28. fxe6 1-0

[Event "MCR_CF283"]
[Site "?"]
[Date "2004.??.??"]
[Round "?"]
[White "Pecina, Pavel"]
[Black "Chvojka, Jaroslav"]
[Result "0-1"]
[WhiteElo "2204"]
[BlackElo "2131"]
[PlyCount "162"]
[EventDate "2004.??.??"]
[EventType "corr"]
[EventRounds "2"]
[SourceDate "2005.03.12"]

1. e4 c6 2. d4 d5 3. Nd2 dxe4 4. Nxe4 Nf6 5. Nxf6+ exf6 6. Bc4 Bd6 7. Qe2+ Qe7
8. Qxe7+ Bxe7 9. Ne2 Bf5 10. c3 O-O 11. Ng3 Be6 12. Bb3 Re8 13. O-O Nd7 14. f4
Nb6 15. f5 Bc4 16. Bxc4 Nxc4 17. b3 Nb6 18. Re1 Nd5 19. Ne4 Rad8 20. Kf2 h5 21.
Bd2 Bf8 22. h3 b5 23. Re2 Nc7 24. b4 Nd5 25. a4 a6 26. g4 hxg4 27. hxg4 Re7 28.
Kf3 Rde8 29. Rc1 g6 30. c4 bxc4 31. Rxc4 Rc8 32. Rc1 Rec7 33. Rh1 g5 34. Reh2
Bg7 35. Nc5 Ra7 36. Rb1 Re8 37. a5 Bf8 38. Rbh1 Bg7 39. Ne4 Rae7 40. Re2 Bf8
41. Rc1 Rc7 42. Be1 Kg7 43. Rc4 Rcc8 44. Bd2 Rb8 45. Rxc6 Bxb4 46. Ng3 Bxd2 47.
Rxd2 Rb3+ 48. Kf2 Nf4 49. Rxa6 Nh3+ 50. Kg2 Nf4+ 51. Kh2 Rh8+ 52. Nh5+ Nxh5 53.
gxh5 Rxh5+ 54. Kg1 Rbh3 55. Rb6 Rh1+ 56. Kf2 Ra1 57. Kg2 Rxa5 58. d5 Rh8 59.
Rb4 Rd8 60. Rbd4 Kf8 61. Rd1 Rd6 62. Kf3 Ke7 63. Ke4 Ra2 64. Rb4 Re2+ 65. Kd3
Re5 66. Kc4 Rxf5 67. Kc5 Rd8 68. Rb7+ Ke8 69. Kc6 Rf2 70. d6 Rc2+ 71. Kd5 Kf8
72. Rd3 Re2 73. Kc6 g4 74. Rb4 f5 75. Rf4 Rc8+ 76. Kd5 Ra8 77. Rf1 Ke8 78. Rh1
Kd7 79. Rh7 Ra5+ 80. Kc4 Re4+ 81. Kc3 Re8 0-1

[Event "MCR_CF283"]
[Site "?"]
[Date "2004.??.??"]
[Round "?"]
[White "Pecina, Pavel"]
[Black "Houdek, Vladimir"]
[Result "1/2-1/2"]
[WhiteElo "2204"]
[BlackElo "2184"]
[PlyCount "86"]
[EventDate "2004.??.??"]
[EventType "corr"]
[EventRounds "2"]
[SourceDate "2005.03.12"]

1. e4 c5 2. Nf3 e6 3. b3 a6 4. Bb2 Nc6 5. Be2 Nf6 6. e5 Nd5 7. O-O d6 8. Re1
Nf4 9. Bf1 dxe5 10. Nxe5 Nxe5 11. Bxe5 Ng6 12. Bb2 Bd7 13. Nc3 Be7 14. Ne4 O-O
15. d4 cxd4 16. Qxd4 e5 17. Qe3 Qc7 18. c4 Rad8 19. c5 Bc6 20. b4 f5 21. Nd2
Kh8 22. Nc4 e4 23. Rad1 f4 24. Qc3 Bf6 25. Qc2 Rxd1 26. Rxd1 Bxb2 27. Qxb2 Qe7
28. Qd4 e3 29. fxe3 f3 30. h3 Nh4 31. Qe5 Qf7 32. Qg3 fxg2 33. Be2 Ng6 34. a3
Qf5 35. Kh2 Qc2 36. Rd2 Qb1 37. Rd1 Qa2 38. Rd2 Qa1 39. Rd1 Qf6 40. Rg1 Nh4 41.
Bg4 h6 42. Ne5 Be8 43. e4 h5 1/2-1/2

[Event "MCR_CF283"]
[Site "?"]
[Date "2004.??.??"]
[Round "?"]
[White "Pecina, Pavel"]
[Black "Jarabinsky, Martin"]
[Result "1-0"]
[WhiteElo "2204"]
[BlackElo "2127"]
[PlyCount "81"]
[EventDate "2004.??.??"]
[EventType "corr"]
[EventRounds "2"]
[SourceDate "2005.03.12"]

1. e4 c5 2. Nf3 Nc6 3. Bb5 g6 4. c3 Bg7 5. d4 Qb6 6. Qe2 a6 7. Bxc6 bxc6 8. Be3
cxd4 9. Bxd4 Bxd4 10. cxd4 a5 11. Nc3 Ba6 12. Qd2 Nf6 13. Rc1 O-O 14. b3 d5 15.
e5 Ne4 16. Qe3 Qb4 17. Nd2 Rfd8 18. Na4 Bb5 19. Nc3 a4 20. f3 axb3 21. fxe4
bxa2 22. Kf2 Ra3 23. Rhd1 dxe4 24. Ndxe4 a1=Q 25. Rxa1 Rxa1 26. Rxa1 Qb2+ 27.
Kg3 Qxa1 28. h3 Qf1 29. e6 f5 30. Nc5 Ra8 31. Nd7 Bc4 32. Ne5 Ra3 33. Nf3 Rb3
34. Qd2 Qa1 35. Nd1 Bd5 36. Ne3 Bxf3 37. gxf3 Qa3 38. Nf1 Rxf3+ 39. Kg2 Rxh3
40. Qf4 Rb3 41. Kg1 {kontumacne} 1-0

[Event "MCR_CF283"]
[Site "?"]
[Date "2004.??.??"]
[Round "?"]
[White "Pecina, Pavel"]
[Black "Mazal, Petr"]
[Result "1-0"]
[WhiteElo "2204"]
[BlackElo "2165"]
[PlyCount "95"]
[EventDate "2004.??.??"]
[EventType "corr"]
[EventRounds "2"]
[SourceDate "2005.03.12"]

1. e4 c6 2. d4 d5 3. Nd2 dxe4 4. Nxe4 Nf6 5. Nxf6+ exf6 6. Bc4 Nd7 7. Ne2 Bd6
8. O-O O-O 9. Bf4 Nb6 10. Bd3 Be6 11. c3 Nd5 12. Bxd6 Qxd6 13. Re1 f5 14. Qc2
Ne7 15. Ng3 Qd7 16. Re2 Rad8 17. Rae1 Rfe8 18. a4 a6 19. b4 b5 20. Nh5 Ng6 21.
Qc1 Ra8 22. a5 Rad8 23. Nf4 Nxf4 24. Qxf4 f6 25. h4 Qc8 26. h5 Qd7 27. Bb1 Kf8
28. Re3 Qd5 29. Qc7 Re7 30. Qb6 Rde8 31. R3e2 Bc8 32. Ba2 Qd6 33. Rxe7 Rxe7 34.
Rxe7 Kxe7 35. Bg8 h6 36. Qa7+ Qd7 37. Qb8 Qe8 38. Bb3 Bd7 39. Qg3 Kd8 40. Qxg7
Qe1+ 41. Kh2 Qxc3 42. Qxf6+ Kc7 43. Qe5+ Kd8 44. Be6 Bxe6 45. Qxe6 Qxb4 46.
Qxh6 Qxd4 47. Qg5+ Kd7 48. h6 1-0